000 00446nam a2200169Ia 4500
008 180921t2016 xxu||||| |||| 00| 1 sin d
041 _asin
080 _aX8C31
_bGAM
100 _aGamage, Ganga Shinie
245 _aආදරයක් හින්දා
246 _aAdarayak Hinda
260 _bSayura Prakashana
_aKiriwaththuduva
_c2016
300 _a203p., 21cm
942 _cBK
999 _c7149
_d7149
003 LK-CoDNM
040 _aLK-CoDNM
_dLK-CoDNM
_eLK-CoDNM